| 000 | 00931cam a2200241 4500 | ||
|---|---|---|---|
| 001 | ABS62494 | ||
| 008 | 000000n2000 000 0 eng u | ||
| 035 | _a(Sirsi) u106631 | ||
| 100 | _aForshaw, R. | ||
| 245 | _aIt's all plane sailing | ||
| 260 | _c2000 | ||
| 490 |
_aHousing Today _v(187) 6 June 2000, 20-21(2) |
||
| 520 | _aDefence Estates is implementing an asset -stripping exercise which will release land for a potential total of 12,5000 new homes, in the south-east in particular. However some remote sites like RAF bases create practical difficulties because new settlements generate housing very slowly, and would not help the south east meet its housing targets. | ||
| 590 | _aABS | ||
| 650 | _aDEFENCE LANDS | ||
| 650 | _aNEW HOUSING | ||
| 650 | _aSOUTH EAST ENGLAND | ||
| 650 | _aREDEVELOPMENT | ||
| 650 | _aHOUSE BUILDING | ||
| 650 | _aHOUSING TARGETS | ||
| 690 | _aHOUSING-DEVELOPMENT | ||
| 942 | _n0 | ||
| 999 |
_c63851 _d63851 |
||